000 00211 a2200097 4500
001 17562
100 _aLangley M
245 _aCarbon fibres in Engineering
260 _a
_bMcGraw-Hill
_c
090 _c12954
_d12954
942 _aNUST-CAE
_cM
_c3285
999 _c252635
_d252635